00272nam a22001097a 4500003000400000082001800004100002300022245004200045260004700087300001000134650001800144SGT a617.643bM15C aCHAUDHARY, KUNTAL  aMANAGEMENT OF CLASS III MALOCCLUSION  aDELHI NCR bSGT UNIVERSITY GURUGRAM c2015 a1-195 aORTHODONTICS